00550nam a2200169Ia 4500008004100000020001800041082001600059100002000075245004500095260003200140300001000172440004400182500002700226650002000253952009000273999001700363120622s9999 xx 000 0 und d a84-7080-934-2 a336.2 R812q aRosembuj, Tulio aQué son los impuestos / Tulio Rosembuj aBarcelona : La Gaya Ciencia a80 p. aBiblioteca de divulgación económica aIncluye bibliografía a1. IMPUESTOSÌ 00104070a01b01d2007-01-25l0o336.2 R812Qp01 004568r2012-06-24w2012-06-24yLB c59770d59770